[Event "Stay Safe Play from Home 160"]
[Site "T#646201Emanuel Laske"]
[Date "2020.05.20"]
[Round "8"]
[White "Weltszmerc"]
[Black "Haxhi Baha"]
[Result "0-1"]
[WhiteElo "2017"]
[BlackElo "1930"]
[Annotator "NA"]
[PlyCount "56"]
[EventDate "2020.05.20"]
[EventType "swiss (blitz)"]

1. d4 {[%emt 0:00:01]} d5 {[%emt 0:00:01]} 2. c4 {[%emt 0:00:00]} e5 {[%emt 0:00:01]} 3. Nf3 {[%emt 0:00:00]} exd4 {[%emt 0:00:01]} 4. Nxd4 {[%emt 0:00:01]} c5 {[%emt 0:00:01]} 5. Nb5 {[%emt 0:00:01]} a6 {[%emt 0:00:02]} 6. Qxd5 {[%emt 0:00:02]} axb5 {[%emt 0:00:02]} 7. Qxd8+ {[%emt 0:00:02]} Kxd8 {[%emt 0:00:00]} 8. cxb5 {[%emt 0:00:00]} Nd7 {[%emt 0:00:01]} 9. Nc3 {[%emt 0:00:00]} Ngf6 {[%emt 0:00:00]} 10. Bg5 {[%emt 0:00:01]} Be7 {[%emt 0:00:01]} 11. e3 {[%emt 0:00:01]} b6 {[%emt 0:00:01]} 12. Be2 {[%emt 0:00:01]} Kc7 {[%emt 0:00:01]} 13. Bf3 {[%emt 0:00:02]} Bb7 {[%emt 0:00:00]} 14. Bxb7 {[%emt 0:00:00]} Kxb7 {[%emt 0:00:00]} 15. O-O {[%emt 0:00:00]} Rad8 {[%emt 0:00:01]} 16. Rfd1 {[%emt 0:00:01]} Ne5 {[%emt 0:00:01]} 17. a4 {[%emt 0:00:02]} Nc4 {[%emt 0:00:01]} 18. b3 {[%emt 0:00:03]} Na5 {[%emt 0:00:01]} 19. Rxd8 {[%emt 0:00:04]} Rxd8 {[%emt 0:00:02]} 20. Ne4 {[%emt 0:00:01]} Nxb3 {[%emt 0:00:03]} 21. Rb1 {[%emt 0:00:01]} c4 {[%emt 0:00:03]} 22. Bxf6 {[%emt 0:00:05]} Bxf6 {[%emt 0:00:00]} 23. Nxf6 {[%emt 0:00:01]} gxf6 {[%emt 0:00:00]} 24. f4 {[%emt 0:00:00]} c3 {[%emt 0:00:01]} 25. Rxb3 {[%emt 0:00:01]} Rd1+ {[%emt 0:00:01]} 26. Kf2 {[%emt 0:00:01]} c2 {[%emt 0:00:00]} 27. Rc3 {[%emt 0:00:01]} c1=Q {[%emt 0:00:00]} 28. Rxc1 {[%emt 0:00:01]} Rxc1 {[%emt 0:00:00] Weltszmerc poddaje się (Lag: Av=1.22s, max=1.7s)} 0-1

[Event "Stay Safe Play from Home 160"]
[Site "T#646201Emanuel Laske"]
[Date "2020.05.20"]
[Round "8"]
[White "UHU4"]
[Black "Mepe_Nika"]
[Result "0-1"]
[WhiteElo "1473"]
[BlackElo "2288"]
[Annotator "NA"]
[PlyCount "60"]
[EventDate "2020.05.20"]
[EventType "swiss (blitz)"]

1. g4 {[%emt 0:00:02]} d5 {[%emt 0:00:01]} 2. Bg2 {[%emt 0:00:01]} c6 {[%emt 0:00:00]} 3. c4 {[%emt 0:00:01]} dxc4 {[%emt 0:00:02]} 4. Qa4 {[%emt 0:00:02]} Bxg4 {[%emt 0:00:02]} 5. Qxc4 {[%emt 0:00:02]} Be6 {[%emt 0:00:01]} 6. Qb4 {[%emt 0:00:02]} Qb6 {[%emt 0:00:01]} 7. Qf4 {[%emt 0:00:12]} Nd7 {[%emt 0:00:02]} 8. Nc3 {[%emt 0:00:02]} Ngf6 {[%emt 0:00:03]} 9. Nf3 {[%emt 0:00:01]} g6 {[%emt 0:00:02]} 10. O-O {[%emt 0:00:02]} Bg7 {[%emt 0:00:01]} 11. d4 {[%emt 0:00:01]} O-O {[%emt 0:00:01]} 12. Ne5 {[%emt 0:00:01]} Nxe5 {[%emt 0:00:01]} 13. dxe5 {[%emt 0:00:01]} Nd5 {[%emt 0:00:01]} 14. Nxd5 {[%emt 0:00:02]} Bxd5 {[%emt 0:00:00]} 15. Bxd5 {[%emt 0:00:01]} cxd5 {[%emt 0:00:00]} 16. Be3 {[%emt 0:00:01]} Qxb2 {[%emt 0:00:02]} 17. Rab1 {[%emt 0:00:04]} Qxe5 {[%emt 0:00:01]} 18. Qxe5 {[%emt 0:00:02]} Bxe5 {[%emt 0:00:00]} 19. Rxb7 {[%emt 0:00:01]} e6 {[%emt 0:00:01]} 20. Rfb1 {[%emt 0:00:03]} d4 {[%emt 0:00:02]} 21. Bh6 {[%emt 0:00:03]} Rfb8 {[%emt 0:00:02]} 22. Rxb8+ {[%emt 0:00:03]} Rxb8 {[%emt 0:00:01]} 23. Rxb8+ {[%emt 0:00:01]} Bxb8 {[%emt 0:00:00]} 24. Kf1 {[%emt 0:00:03]} e5 {[%emt 0:00:01]} 25. h3 {[%emt 0:00:00]} e4 {[%emt 0:00:01]} 26. Ke1 {[%emt 0:00:01]} f5 {[%emt 0:00:01]} 27. Kd2 {[%emt 0:00:01]} Kf7 {[%emt 0:00:00]} 28. e3 {[%emt 0:00:02]} d3 {[%emt 0:00:02]} 29. a4 {[%emt 0:00:02]} Be5 {[%emt 0:00:01]} 30. Bg5 {[%emt 0:00:01]} Bf6 {[%emt 0:00:01] Tiempo (Lag: Av=0.41s, max=0.6s) .} 0-1

[Event "Stay Safe Play from Home 160"]
[Site "T#646201Emanuel Laske"]
[Date "2020.05.20"]
[Round "9"]
[White "Karthikchess"]
[Black "Lazieri3"]
[Result "1-0"]
[WhiteElo "2444"]
[BlackElo "2138"]
[Annotator "TA"]
[PlyCount "37"]
[EventDate "2020.05.20"]
[EventType "swiss (blitz)"]

{[%evp 12,36,32,20,44,28,41,41,82,74,601,602,577,576,1304,1293,29988,29989,29989,3016,29987,2979,29992,29993,29998,29999,29999]} 1. e4 c6 2. d4 d5 3. e5 Bf5 4. Nf3 e6 5. Be2 c5 6. Be3 cxd4 {6...Qb6 is the modern continuation. Played by Maxime Vachier Lagrave in May 2020.} 7. Nxd4 {aiming for Bb5+.} Bg6 {B12: Caro-Kann: Advance Variation.} 8. Nd2 {[#]} Nc6 $146 ({Predecessor:} 8... Ne7 9. f4 Nec6 10. N2b3 Be7 11. O-O O-O 12. Bd3 Nxd4 13. Nxd4 Nc6 14. Bxg6 hxg6 15. Rf3 {0-1 (25) Faisal,A (1827)-Salim,M (2038) Abu Dhabi 2016}) 9. N2f3 Nxd4 {White is slightly better.} 10. Nxd4 {Black must now prevent Bb5+.} Ne7 $2 {[%mdl 8192]} (10... a6 $16) 11. Bb5+ $18 Nc6 12. Nxc6 bxc6 13. Bxc6+ {[%mdl 64] [#] Double Attack} Ke7 14. Bc5+ Qd6 15. Bxd6+ Kd8 16. Qd2 (16. Qd4 $142 Rc8 17. Qc5 Rxc6 18. Qxc6 f6 19. Bxf8 Rxf8 20. Qd6+ {[%mdl 64] Double Attack} Kc8 21. Qxf8+ {[%mdl 64] Double Attack} Kc7 22. Qxg7+ Kc6 23. exf6) 16... Bxd6 17. exd6 {White mates.} Rc8 18. Qa5+ {[%mdl 64] [#] Double Attack} Rc7 19. Qxc7# {Black did not feel at home in the position after the opening.} 1-0

[Event "Stay Safe Play from Home 160"]
[Site "T#646201Emanuel Laske"]
[Date "2020.05.20"]
[Round "9"]
[White "Klari64"]
[Black "Eidgenosse"]
[Result "0-1"]
[WhiteElo "2334"]
[BlackElo "2394"]
[Annotator "NA"]
[PlyCount "162"]
[EventDate "2020.05.20"]
[EventType "swiss (blitz)"]

1. d4 {[%emt 0:00:04]} Nf6 {[%emt 0:00:01]} 2. Nf3 {[%emt 0:00:01]} g6 {[%emt 0:00:00]} 3. c4 {[%emt 0:00:00]} Bg7 {[%emt 0:00:00]} 4. Nc3 {[%emt 0:00:00]} O-O {[%emt 0:00:00]} 5. e4 {[%emt 0:00:00]} d6 {[%emt 0:00:00]} 6. Be2 {[%emt 0:00:01]} e5 {[%emt 0:00:01]} 7. dxe5 {[%emt 0:00:01]} dxe5 {[%emt 0:00:01]} 8. Qxd8 {[%emt 0:00:00]} Rxd8 {[%emt 0:00:01]} 9. Bg5 {[%emt 0:00:00]} Re8 {[%emt 0:00:01]} 10. O-O-O {[%emt 0:00:03]} c6 {[%emt 0:00:01]} 11. h3 {[%emt 0:00:01]} Na6 {[%emt 0:00:02]} 12. Rd2 {[%emt 0:00:01]} Nc5 {[%emt 0:00:01]} 13. Bxf6 {[%emt 0:00:01]} Bxf6 {[%emt 0:00:01]} 14. Rhd1 {[%emt 0:00:00]} Ne6 {[%emt 0:00:01]} 15. Kc2 {[%emt 0:00:01]} Nf4 {[%emt 0:00:01]} 16. Bf1 {[%emt 0:00:02]} h5 {[%emt 0:00:01]} 17. Nh2 {[%emt 0:00:00]} h4 {[%emt 0:00:01]} 18. Ne2 {[%emt 0:00:00]} Ne6 {[%emt 0:00:02]} 19. Ng4 {[%emt 0:00:01]} Bg7 {[%emt 0:00:00]} 20. Rd3 {[%emt 0:00:01]} Nc5 {[%emt 0:00:01]} 21. Re3 {[%emt 0:00:01]} Bxg4 {[%emt 0:00:03]} 22. hxg4 {[%emt 0:00:00]} Bh6 {[%emt 0:00:00]} 23. Rh3 {[%emt 0:00:01]} Nxe4 {[%emt 0:00:01]} 24. Rxh4 {[%emt 0:00:00]} Bg5 {[%emt 0:00:00]} 25. Rh2 {[%emt 0:00:01]} Nxf2 {[%emt 0:00:01]} 26. Rd7 {[%emt 0:00:01]} Nxg4 {[%emt 0:00:01]} 27. Rh1 {[%emt 0:00:02]} Ne3+ {[%emt 0:00:01]} 28. Kb3 {[%emt 0:00:01]} Rad8 {[%emt 0:00:00]} 29. Rxb7 {[%emt 0:00:01]} Rd1 {[%emt 0:00:01]} 30. Ng3 {[%emt 0:00:02]} Bf4 {[%emt 0:00:03]} 31. Be2 {[%emt 0:00:03]} Rxh1 {[%emt 0:00:02]} 32. Nxh1 {[%emt 0:00:00]} Nxg2 {[%emt 0:00:01]} 33. Bf3 {[%emt 0:00:03]} Ne1 {[%emt 0:00:02]} 34. Bxc6 {[%emt 0:00:00]} Rd8 {[%emt 0:00:03]} 35. Bd5 {[%emt 0:00:00]} Rf8 {[%emt 0:00:03]} 36. Rxa7 {[%emt 0:00:01]} Nd3 {[%emt 0:00:01]} 37. Kc3 {[%emt 0:00:02]} Nc5 {[%emt 0:00:01]} 38. b4 {[%emt 0:00:00]} Ne6 {[%emt 0:00:07]} 39. Bxe6 {[%emt 0:00:01]} fxe6 {[%emt 0:00:00]} 40. Nf2 {[%emt 0:00:01]} e4 {[%emt 0:00:00]} 41. Nxe4 {[%emt 0:00:01]} g5 {[%emt 0:00:00]} 42. c5 {[%emt 0:00:02]} g4 {[%emt 0:00:00]} 43. c6 {[%emt 0:00:00]} Be3 {[%emt 0:00:01]} 44. Re7 {[%emt 0:00:02]} Bb6 {[%emt 0:00:02]} 45. Rxe6 {[%emt 0:00:01]} Rf4 {[%emt 0:00:02]} 46. Nf6+ {[%emt 0:00:02]} Kf7 {[%emt 0:00:01]} 47. Rd6 {[%emt 0:00:01]} Rxf6 {[%emt 0:00:01]} 48. Rd7+ {[%emt 0:00:00]} Ke6 {[%emt 0:00:01]} 49. b5 {[%emt 0:00:00]} Rf7 {[%emt 0:00:01]} 50. Rd3 {[%emt 0:00:01]} Rf3 {[%emt 0:00:01]} 51. Kd2 {[%emt 0:00:01]} Rxd3+ {[%emt 0:00:01]} 52. Kxd3 {[%emt 0:00:00]} g3 {[%emt 0:00:00]} 53. Ke2 {[%emt 0:00:00]} g2 {[%emt 0:00:00]} 54. Kf3 {[%emt 0:00:00]} g1=Q {[%emt 0:00:01]} 55. c7 {[%emt 0:00:00]} Qe3+ {[%emt 0:00:00]} 56. Kg4 {[%emt 0:00:01]} Bxc7 {[%emt 0:00:00]} 57. b6 {[%emt 0:00:00]} Bxb6 {[%emt 0:00:00]} 58. Kh4 {[%emt 0:00:01]} Qc5 {[%emt 0:00:00]} 59. Kg4 {[%emt 0:00:01]} Qa5 {[%emt 0:00:00]} 60. Kf3 {[%emt 0:00:00]} Qxa2 {[%emt 0:00:00]} 61. Kg4 {[%emt 0:00:00]} Qa4+ {[%emt 0:00:00]} 62. Kf3 {[%emt 0:00:00]} Qa5 {[%emt 0:00:00]} 63. Ke2 {[%emt 0:00:01]} Bc7 {[%emt 0:00:00]} 64. Kf3 {[%emt 0:00:00]} Bd8 {[%emt 0:00:00]} 65. Ke2 {[%emt 0:00:00]} Qa4 {[%emt 0:00:00]} 66. Kf1 {[%emt 0:00:00]} Qb4 {[%emt 0:00:00]} 67. Kg2 {[%emt 0:00:00]} Qb3 {[%emt 0:00:00]} 68. Kf1 {[%emt 0:00:00]} Ke5 {[%emt 0:00:00]} 69. Kg1 {[%emt 0:00:00]} Ke4 {[%emt 0:00:00]} 70. Kg2 {[%emt 0:00:01]} Qb2+ {[%emt 0:00:00]} 71. Kh3 {[%emt 0:00:00]} Ke3 {[%emt 0:00:00]} 72. Kg4 {[%emt 0:00:00]} Qe2+ {[%emt 0:00:00]} 73. Kf5 {[%emt 0:00:01]} Qf3+ {[%emt 0:00:00]} 74. Kg6 {[%emt 0:00:00]} Ba5 {[%emt 0:00:00]} 75. Kh7 {[%emt 0:00:01]} Bd2 {[%emt 0:00:00]} 76. Kg8 {[%emt 0:00:00]} Ke4 {[%emt 0:00:00]} 77. Kh8 {[%emt 0:00:00]} Ke5 {[%emt 0:00:00]} 78. Kh7 {[%emt 0:00:00]} Ke6 {[%emt 0:00:00]} 79. Kg8 {[%emt 0:00:00]} Qg3+ {[%emt 0:00:00]} 80. Kh8 {[%emt 0:00:00]} Kf7 {[%emt 0:00:00]} 81. Kh7 {[%emt 0:00:00]} Qg7# {[%emt 0:00:00] (Lag: Av=0.42s, max=0.7s)} 0-1

[Event "Stay Safe Play from Home 160"]
[Site "T#646201Emanuel Laske"]
[Date "2020.05.20"]
[Round "9"]
[White "Mepe_Nika"]
[Black "Haxhi Baha"]
[Result "1-0"]
[WhiteElo "2288"]
[BlackElo "1952"]
[Annotator "NA"]
[PlyCount "55"]
[EventDate "2020.05.20"]
[EventType "swiss (blitz)"]

1. e4 {[%emt 0:00:01]} e6 {[%emt 0:00:01]} 2. d4 {[%emt 0:00:01]} d5 {[%emt 0:00:00]} 3. Bd3 {[%emt 0:00:01]} dxe4 {[%emt 0:00:01]} 4. Bxe4 {[%emt 0:00:00]} Nf6 {[%emt 0:00:00]} 5. Bf3 {[%emt 0:00:00]} Be7 {[%emt 0:00:01]} 6. Ne2 {[%emt 0:00:01]} c6 {[%emt 0:00:00]} 7. O-O {[%emt 0:00:01]} Nbd7 {[%emt 0:00:00]} 8. c4 {[%emt 0:00:00]} Qc7 {[%emt 0:00:01]} 9. Nbc3 {[%emt 0:00:01]} b6 {[%emt 0:00:01]} 10. Bf4 {[%emt 0:00:01]} Qb7 {[%emt 0:00:01]} 11. Re1 {[%emt 0:00:01]} O-O {[%emt 0:00:01]} 12. d5 {[%emt 0:00:01]} cxd5 {[%emt 0:00:02]} 13. cxd5 {[%emt 0:00:00]} exd5 {[%emt 0:00:04]} 14. Nxd5 {[%emt 0:00:00]} Nxd5 {[%emt 0:00:04]} 15. Bxd5 {[%emt 0:00:00]} Qa6 {[%emt 0:00:02]} 16. Bxa8 {[%emt 0:00:00]} Nc5 {[%emt 0:00:02]} 17. Ng3 {[%emt 0:00:03]} Be6 {[%emt 0:00:03]} 18. Bf3 {[%emt 0:00:04]} Bf6 {[%emt 0:00:02]} 19. Qe2 {[%emt 0:00:01]} Qxe2 {[%emt 0:00:06]} 20. Rxe2 {[%emt 0:00:00]} Nd3 {[%emt 0:00:00]} 21. Be3 {[%emt 0:00:05]} Bxb2 {[%emt 0:00:01]} 22. Rd1 {[%emt 0:00:01]} Bc4 {[%emt 0:00:04]} 23. Rxd3 {[%emt 0:00:01]} Bxd3 {[%emt 0:00:01]} 24. Rxb2 {[%emt 0:00:01]} h6 {[%emt 0:00:01]} 25. Rd2 {[%emt 0:00:01]} Bc4 {[%emt 0:00:02]} 26. Nf5 {[%emt 0:00:01]} b5 {[%emt 0:00:00]} 27. Bxa7 {[%emt 0:00:03]} Ra8 {[%emt 0:00:02]} 28. Bxa8 {[%emt 0:00:02] Haxhi Baha resigns (Lag: Av=0.84s, max=1.7s)} 1-0

[Event "Stay Safe Play from Home 160"]
[Site "T#646201Emanuel Laske"]
[Date "2020.05.20"]
[Round "9"]
[White "Lamborghini"]
[Black "Weltszmerc"]
[Result "0-1"]
[WhiteElo "2246"]
[BlackElo "1996"]
[Annotator "NA"]
[PlyCount "70"]
[EventDate "2020.05.20"]
[EventType "swiss (blitz)"]

1. e4 {[%emt 0:00:02]} Nf6 {[%emt 0:00:00]} 2. e5 {[%emt 0:00:01]} Nd5 {[%emt 0:00:00]} 3. d4 {[%emt 0:00:00]} Nb6 {[%emt 0:00:01]} 4. a4 {[%emt 0:00:01]} d5 {[%emt 0:00:00]} 5. exd6 {[%emt 0:00:01]} cxd6 {[%emt 0:00:01]} 6. a5 {[%emt 0:00:00]} N6d7 {[%emt 0:00:01]} 7. Nf3 {[%emt 0:00:01]} d5 {[%emt 0:00:00]} 8. c4 {[%emt 0:00:01]} e6 {[%emt 0:00:01]} 9. Nc3 {[%emt 0:00:01]} dxc4 {[%emt 0:00:01]} 10. Bxc4 {[%emt 0:00:01]} Bd6 {[%emt 0:00:02]} 11. O-O {[%emt 0:00:02]} a6 {[%emt 0:00:01]} 12. Bg5 {[%emt 0:00:01]} Be7 {[%emt 0:00:01]} 13. Bf4 {[%emt 0:00:01]} O-O {[%emt 0:00:01]} 14. Bd3 {[%emt 0:00:01]} Nf6 {[%emt 0:00:01]} 15. Re1 {[%emt 0:00:01]} Nc6 {[%emt 0:00:01]} 16. Qa4 {[%emt 0:00:02]} h6 {[%emt 0:00:02]} 17. Ne5 {[%emt 0:00:04]} Bd7 {[%emt 0:00:01]} 18. Nxd7 {[%emt 0:00:02]} Qxd7 {[%emt 0:00:00]} 19. Rad1 {[%emt 0:00:01]} Rad8 {[%emt 0:00:04]} 20. Bb1 {[%emt 0:00:01]} Bb4 {[%emt 0:00:03]} 21. Qc2 {[%emt 0:00:01]} Bxa5 {[%emt 0:00:02]} 22. Be5 {[%emt 0:00:01]} Nb4 {[%emt 0:00:03]} 23. Qe2 {[%emt 0:00:02]} Nfd5 {[%emt 0:00:05]} 24. Qe4 {[%emt 0:00:01]} f5 {[%emt 0:00:02]} 25. Qf3 {[%emt 0:00:02]} Nxc3 {[%emt 0:00:01]} 26. bxc3 {[%emt 0:00:01]} Nd5 {[%emt 0:00:00]} 27. c4 {[%emt 0:00:01]} Bxe1 {[%emt 0:00:01]} 28. cxd5 {[%emt 0:00:01]} Bxf2+ {[%emt 0:00:01]} 29. Qxf2 {[%emt 0:00:02]} Qxd5 {[%emt 0:00:00]} 30. Ba2 {[%emt 0:00:00]} Qxe5 {[%emt 0:00:02]} 31. Re1 {[%emt 0:00:04]} Qxd4 {[%emt 0:00:02]} 32. Bxe6+ {[%emt 0:00:00]} Kh8 {[%emt 0:00:02]} 33. Qxd4 {[%emt 0:00:01]} Rxd4 {[%emt 0:00:00]} 34. h3 {[%emt 0:00:00]} Re8 {[%emt 0:00:01]} 35. Rd1 {[%emt 0:00:01]} Rxd1+ {[%emt 0:00:01] Lamborghini gibt auf (Lag: Av=0.86s, max=1.3s)} 0-1

[Event "Stay Safe Play from Home 160"]
[Site "T#646201Emanuel Laske"]
[Date "2020.05.20"]
[Round "9"]
[White "Trotsky"]
[Black "UHU4"]
[Result "1/2-1/2"]
[WhiteElo "1521"]
[BlackElo "1473"]
[Annotator "NA"]
[PlyCount "63"]
[EventDate "2020.05.20"]
[EventType "swiss (blitz)"]

1. d4 {[%emt 0:00:01]} d5 {[%emt 0:00:01]} 2. e3 {[%emt 0:00:00]} Nc6 {[%emt 0:00:02]} 3. c4 {[%emt 0:00:01]} e5 {[%emt 0:00:01]} 4. Nc3 {[%emt 0:00:01]} exd4 {[%emt 0:00:01]} 5. exd4 {[%emt 0:00:00]} Nf6 {[%emt 0:00:02]} 6. Be3 {[%emt 0:00:01]} a6 {[%emt 0:00:02]} 7. a3 {[%emt 0:00:01]} dxc4 {[%emt 0:00:01]} 8. Bxc4 {[%emt 0:00:02]} b5 {[%emt 0:00:00]} 9. Bd3 {[%emt 0:00:01]} Bg4 {[%emt 0:00:01]} 10. f3 {[%emt 0:00:01]} Bh5 {[%emt 0:00:01]} 11. g4 {[%emt 0:00:01]} Bg6 {[%emt 0:00:01]} 12. Qc2 {[%emt 0:00:01]} Bd6 {[%emt 0:00:04]} 13. O-O-O {[%emt 0:00:02]} Qe7 {[%emt 0:00:02]} 14. h4 {[%emt 0:00:01]} Bxd3 {[%emt 0:00:02]} 15. Qxd3 {[%emt 0:00:01]} O-O-O {[%emt 0:00:01]} 16. Qc2 {[%emt 0:00:01]} Qd7 {[%emt 0:00:02]} 17. Kb1 {[%emt 0:00:01]} Nb8 {[%emt 0:00:04]} 18. Rc1 {[%emt 0:00:01]} c6 {[%emt 0:00:04]} 19. Qb3 {[%emt 0:00:01]} Qc7 {[%emt 0:00:07]} 20. Nge2 {[%emt 0:00:01]} Rhe8 {[%emt 0:00:03]} 21. Rc2 {[%emt 0:00:01]} Rxe3 {[%emt 0:00:02]} 22. Rhc1 {[%emt 0:00:01]} Qb6 {[%emt 0:00:01]} 23. Nd5 {[%emt 0:00:05]} Nxd5 {[%emt 0:00:02]} 24. Qxd5 {[%emt 0:00:02]} Rxe2 {[%emt 0:00:03]} 25. Rxc6+ {[%emt 0:00:07]} Nxc6 {[%emt 0:00:02]} 26. Rxc6+ {[%emt 0:00:01]} Qxc6 {[%emt 0:00:01]} 27. Qxc6+ {[%emt 0:00:02]} Bc7 {[%emt 0:00:01]} 28. Qa8+ {[%emt 0:00:02]} Kd7 {[%emt 0:00:04]} 29. Qd5+ {[%emt 0:00:01]} Kc8 {[%emt 0:00:01]} 30. Qa8+ {[%emt 0:00:01]} Kd7 {[%emt 0:00:01]} 31. Qd5+ {[%emt 0:00:01]} Kc8 {[%emt 0:00:01]} 32. Qa8+ {[%emt 0:00:01] (Lag: Av=0.57s, max=0.9s)} 1/2-1/2